00321nam a2200097Ia 4500008004100000245004600041245006200087260000900149650001400158856005100172171211s9999 xx 000 0 und d 4aThe Oxford Handbook of Economic Geography cGordon L. Clark, Maryann P. Feldman, and Meric S. Gertler c2001 xEconomics uhttp://down.ebook777.com/063/9780198234104.pdf